Top 30 : Rema - Statistiques

Statistiques générales
  • Ce quiz a été pris 12 fois
  • Le résultat moyen est 13 sur 30
Statistiques - réponses
Top Titres Featuring % Correct
1 Calm Down Selena Gomez
100%
2 Calm Down
100%
21 AZAMAN
67%
19 Bounce
67%
6 Charm
67%
7 Dumebi
67%
16 OZEBA
67%
5 Soundgasm
67%
17 DND
50%
29 FUN
50%
27 Ginger Me
50%
25 HEHEHE
50%
4 Soweto - Sped Up Victony, Don Toliver, Tempoe
50%
12 Woman
50%
26 YAYO
50%
8 Baby (Is it a Crime)
33%
24 Beamer (Bad Boys) Rvssian
33%
18 BENIN BOYS Shallipopi
33%
30 Bout U
33%
14 Corny
33%
11 Holiday
33%
22 44 Bad Gyal
17%
28 4AM Manny Norté, 6LACK, Tion Wayne, Love Renaissance (LVRN)
17%
10 Ayo Girl (Fayahh Beat) Robinson, Jason Derulo
17%
3 BUBALU Feid
17%
15 Dimension JAE5, Skepta
17%
9 Fame - A COLORS ENCORE COLORS
17%
13 Favourite Girl Darkoo
17%
20 Fi Kan We Kan BNXN
17%
23 Time N Affection Chris Brown
17%
Aucun quiz correspondant
Distribution des résultats
% des personnes avec chaque résultat
Percentile par nombre de réponses
Votre historique - résultats
Vous n’avez pas pris ce quiz